Recognize Island Country - Satellite Images #1 - Statistics

General Stats
  • This quiz has been taken 327 times
    212 since last reset
  • The average score is 8 of 9
Answer Stats
Hint Answer % Correct
HTML tutorial Iceland
96%
HTML tutorial Cyprus
95%
HTML tutorial Madagascar
95%
HTML tutorial New Zealand
93%
HTML tutorial Cuba
92%
HTML tutorial Sri Lanka
92%
HTML tutorial Jamaica
84%
HTML tutorial Malta
74%
HTML tutorial Bahrain
69%
No matching quizzes found
Score Distribution
Percent of People with Each Score
Percentile by Number Answered
Your Score History
You have not taken this quiz since the last reset